| 000 | 00357nam a2200109Ia 4500 | ||
|---|---|---|---|
| 008 | 240129s9999 xx 000 0 und d | ||
| 100 | _aDEEP, KAMAL | ||
| 245 | 0 | _aMOBILE AGENT EMBEDDING IN CLUSTER BASED WIRELESS SENSOR NETWORK ENVIRONMENT | |
| 260 |
_bMEWAR UNIVERSITY, CHITTORGARH _c2021 |
||
| 650 | _aElectronic & Communication Engineering | ||
| 942 | _cTHE | ||
| 999 |
_c218933 _d218933 |
||